Chelsea Players Since 1992 - Statistics

General Stats
  • This quiz has been taken 96 times
  • The average score is 501 of 979
Answer Stats
% Correct
2024/25 (Premier League - 6th) England AM 22 Cole Palmer 39 14
93%
2023/24 (Premier League - 6th) England AM 21 Cole Palmer 45 25
93%
2013/14 (Premier League - 3rd) Senegal ST 28 Demba Ba 29 7
93%
2012/13 (Premier League - 3rd) Senegal ST 27 Demba Ba 22 6
93%
2024/25 (Premier League - 6th) Argentina CM 24 Enzo Fernández 39 6
93%
2023/24 (Premier League - 6th) Argentina CM 22 Enzo Fernández 40 7
93%
2022/23 (Premier League - 12th) Argentina CM 21 Enzo Fernández 22
93%
2013/14 (Premier League - 3rd) England CM 35 Frank Lampard 40 8
93%
2012/13 (Premier League - 3rd) England CM 34 Frank Lampard 50 17
93%
2011/12 (Premier League - 6th) England CM 33 Frank Lampard 49 16
93%
2010/11 (Premier League - 2nd) England CM 32 Frank Lampard 32 13
93%
2009/10 (Premier League - 1st) England CM 31 Frank Lampard 51 27
93%
2008/09 (Premier League - 3rd) England CM 30 Frank Lampard 57 20
93%
2007/08 (Premier League - 2nd) England CM 29 Frank Lampard 40 20
93%
2006/07 (Premier League - 2nd) England CM 28 Frank Lampard 62 21
93%
2005/06 (Premier League - 1st) England CM 27 Frank Lampard 50 20
93%
2004/05 (Premier League - 1st) England CM 26 Frank Lampard 58 19
93%
2003/04 (Premier League - 2nd) England CM 25 Frank Lampard 51 15
93%
2002/03 (Premier League - 4th) England CM 24 Frank Lampard 48 8
93%
2001/02 (Premier League - 6th) England CM 23 Frank Lampard 53 7
93%
Manager England 2023 2023 Frank Lampard 11
93%
Manager England 2019 2021 Frank Lampard 84
93%
2016/17 (Premier League - 1st) England CB 35 John Terry 14 1
91%
2015/16 (Premier League - 10th) England CB 34 John Terry 33 1
91%
2014/15 (Premier League - 1st) England CB 33 John Terry 49 8
91%
2013/14 (Premier League - 3rd) England CB 32 John Terry 47 2
91%
2012/13 (Premier League - 3rd) England CB 31 John Terry 27 6
91%
2011/12 (Premier League - 6th) England CB 30 John Terry 44 7
91%
2010/11 (Premier League - 2nd) England CB 29 John Terry 46 4
91%
2009/10 (Premier League - 1st) England CB 28 John Terry 52 3
91%
2008/09 (Premier League - 3rd) England CB 27 John Terry 51 3
91%
2007/08 (Premier League - 2nd) England CB 26 John Terry 37 1
91%
2006/07 (Premier League - 2nd) England CB 25 John Terry 45 1
91%
2005/06 (Premier League - 1st) England CB 24 John Terry 50 7
91%
2004/05 (Premier League - 1st) England CB 23 John Terry 53 8
91%
2003/04 (Premier League - 2nd) England CB 22 John Terry 58 3
91%
2002/03 (Premier League - 4th) England CB 21 John Terry 29 6
91%
2001/02 (Premier League - 6th) England CB 20 John Terry 47 4
91%
2000/01 (Premier League - 6th) England CB 19 John Terry 26 1
91%
1999/00 (Premier League - 5th) England CB 18 John Terry 9 1
91%
1998/99 (Premier League - 3rd) England CB 17 John Terry 7
91%
2014/15 (Premier League - 1st) Czech Republic GK 32 Petr Čech 16
91%
2013/14 (Premier League - 3rd) Czech Republic GK 31 Petr Čech 46
91%
2012/13 (Premier League - 3rd) Czech Republic GK 30 Petr Čech 63
91%
2011/12 (Premier League - 6th) Czech Republic GK 29 Petr Čech 56
91%
2010/11 (Premier League - 2nd) Czech Republic GK 28 Petr Čech 50
91%
2009/10 (Premier League - 1st) Czech Republic GK 27 Petr Čech 43
91%
2008/09 (Premier League - 3rd) Czech Republic GK 26 Petr Čech 54
91%
2007/08 (Premier League - 2nd) Czech Republic GK 25 Petr Čech 40
91%
2006/07 (Premier League - 2nd) Czech Republic GK 24 Petr Čech 36
91%
2005/06 (Premier League - 1st) Czech Republic GK 23 Petr Čech 42
91%
2004/05 (Premier League - 1st) Czech Republic GK 22 Petr Čech 48
91%
2024/25 (Premier League - 6th) Spain LB 26 Marc Cucurella 40 6
90%
2023/24 (Premier League - 6th) Spain LB 24 Marc Cucurella 26 1
90%
2022/23 (Premier League - 12th) Spain LB 23 Marc Cucurella 33
90%
2024/25 (Premier League - 6th) Ecuador DM 23 Moisés Caicedo 38 1
90%
2023/24 (Premier League - 6th) Ecuador DM 21 Moisés Caicedo 48 1
90%
2022/23 (Premier League - 12th) France DM 31 N'Golo Kanté 9
90%
2021/22 (Premier League - 3rd) France DM 30 N'Golo Kanté 42 2
90%
2020/21 (Premier League - 4th) France DM 29 N'Golo Kanté 48
90%
2019/20 (Premier League - 4th) France DM 28 N'Golo Kanté 28 3
90%
2018/19 (Premier League - 3rd) France DM 27 N'Golo Kanté 53 5
90%
2017/18 (Premier League - 5th) France DM 26 N'Golo Kanté 48 1
90%
2016/17 (Premier League - 1st) France DM 25 N'Golo Kanté 41 2
90%
2024/25 (Premier League - 6th) Senegal ST 23 Nicolas Jackson 29 9
90%
2023/24 (Premier League - 6th) Senegal ST 22 Nicolas Jackson 44 17
90%
2024/25 (Premier League - 6th) Spain GK 27 Robert Sánchez 29
90%
2023/24 (Premier League - 6th) Spain GK 25 Robert Sánchez 21
90%
2014/15 (Premier League - 1st) Ivory Coast ST 36 Didier Drogba 40 7
88%
2011/12 (Premier League - 6th) Ivory Coast ST 33 Didier Drogba 35 13
88%
2010/11 (Premier League - 2nd) Ivory Coast ST 32 Didier Drogba 46 13
88%
2009/10 (Premier League - 1st) Ivory Coast ST 31 Didier Drogba 44 37
88%
2008/09 (Premier League - 3rd) Ivory Coast ST 30 Didier Drogba 42 14
88%
2007/08 (Premier League - 2nd) Ivory Coast ST 29 Didier Drogba 32 15
88%
2006/07 (Premier League - 2nd) Ivory Coast ST 28 Didier Drogba 60 33
88%
2005/06 (Premier League - 1st) Ivory Coast ST 27 Didier Drogba 41 16
88%
2004/05 (Premier League - 1st) Ivory Coast ST 26 Didier Drogba 41 16
88%
2022/23 (Premier League - 12th) Spain RB 32 César Azpilicueta 32
87%
2021/22 (Premier League - 3rd) Spain RB 31 César Azpilicueta 47 3
87%
2020/21 (Premier League - 4th) Spain RB 30 César Azpilicueta 43 1
87%
2019/20 (Premier League - 4th) Spain RB 29 César Azpilicueta 49 4
87%
2018/19 (Premier League - 3rd) Spain RB 28 César Azpilicueta 57 1
87%
2017/18 (Premier League - 5th) Spain CB 27 César Azpilicueta 52 3
87%
2016/17 (Premier League - 1st) Spain CB 26 César Azpilicueta 47 2
87%
2015/16 (Premier League - 10th) Spain LB 25 César Azpilicueta 49 2
87%
2014/15 (Premier League - 1st) Spain LB 24 César Azpilicueta 40
87%
2013/14 (Premier League - 3rd) Spain LB 23 César Azpilicueta 44 1
87%
2012/13 (Premier League - 3rd) Spain RB 22 César Azpilicueta 48
87%
2024/25 (Premier League - 6th) England RB 25 Reece James 19 2
87%
2023/24 (Premier League - 6th) England RB 23 Reece James 11
87%
2022/23 (Premier League - 12th) England RB 22 Reece James 24 2
87%
2021/22 (Premier League - 3rd) England RB 21 Reece James 39 6
87%
2020/21 (Premier League - 4th) England RB 20 Reece James 47 1
87%
2019/20 (Premier League - 4th) England RB 19 Reece James 37 2
87%
2021/22 (Premier League - 3rd) Belgium ST 28 Romelu Lukaku 44 15
87%
2013/14 (Premier League - 3rd) Belgium ST 20 Romelu Lukaku 3
87%
2011/12 (Premier League - 6th) Belgium ST 18 Romelu Lukaku 12
87%
2013/14 (Premier League - 3rd) England LB 32 Ashley Cole 26
86%
2012/13 (Premier League - 3rd) England LB 31 Ashley Cole 51 1
86%
2011/12 (Premier League - 6th) England LB 30 Ashley Cole 48
86%
2010/11 (Premier League - 2nd) England LB 29 Ashley Cole 48
86%
2009/10 (Premier League - 1st) England LB 28 Ashley Cole 35 4
86%
2008/09 (Premier League - 3rd) England LB 27 Ashley Cole 49 1
86%
2007/08 (Premier League - 2nd) England LB 26 Ashley Cole 41 1
86%
2006/07 (Premier League - 2nd) England LB 25 Ashley Cole 39
86%
2005/06 (Premier League - 1st) England ST 21 Carlton Cole 13 1
86%
2002/03 (Premier League - 4th) England ST 18 Carlton Cole 16 6
86%
2001/02 (Premier League - 6th) England ST 17 Carlton Cole 3 1
86%
2009/10 (Premier League - 1st) England AM 27 Joe Cole 39 2
86%
2008/09 (Premier League - 3rd) England AM 26 Joe Cole 20 3
86%
2007/08 (Premier League - 2nd) England AM 25 Joe Cole 55 10
86%
2006/07 (Premier League - 2nd) England AM 24 Joe Cole 25 2
86%
2005/06 (Premier League - 1st) England AM 23 Joe Cole 47 10
86%
2004/05 (Premier League - 1st) England AM 22 Joe Cole 46 9
86%
2003/04 (Premier League - 2nd) England AM 21 Joe Cole 50 3
86%
2022/23 (Premier League - 12th) Italy DM 30 Jorginho 25 3
86%
2021/22 (Premier League - 3rd) Italy DM 29 Jorginho 47 9
86%
2020/21 (Premier League - 4th) Italy DM 28 Jorginho 43 8
86%
2019/20 (Premier League - 4th) Italy DM 27 Jorginho 44 7
86%
2018/19 (Premier League - 3rd) Italy DM 26 Jorginho 54 2
86%
2022/23 (Premier League - 12th) Spain GK 27 Kepa Arrizabalaga 39
86%
2021/22 (Premier League - 3rd) Spain GK 26 Kepa Arrizabalaga 15
86%
2020/21 (Premier League - 4th) Spain GK 25 Kepa Arrizabalaga 14
86%
2019/20 (Premier League - 4th) Spain GK 24 Kepa Arrizabalaga 41
86%
2018/19 (Premier League - 3rd) Spain GK 23 Kepa Arrizabalaga 54
86%
2022/23 (Premier League - 12th) England AM 23 Mason Mount 35 3
86%
2021/22 (Premier League - 3rd) England AM 22 Mason Mount 53 13
86%
2020/21 (Premier League - 4th) England AM 21 Mason Mount 54 9
86%
2019/20 (Premier League - 4th) England AM 20 Mason Mount 53 8
86%
2023/24 (Premier League - 6th) Brazil CB 38 Thiago Silva 38 4
86%
2022/23 (Premier League - 12th) Brazil CB 37 Thiago Silva 35
86%
2021/22 (Premier League - 3rd) Brazil CB 36 Thiago Silva 48 3
86%
2020/21 (Premier League - 4th) Brazil CB 35 Thiago Silva 34 2
86%
2021/22 (Premier League - 3rd) Germany CB 28 Antonio Rüdiger 54 5
84%
2020/21 (Premier League - 4th) Germany CB 27 Antonio Rüdiger 34 1
84%
2019/20 (Premier League - 4th) Germany CB 26 Antonio Rüdiger 26 2
84%
2018/19 (Premier League - 3rd) Germany CB 25 Antonio Rüdiger 44 1
84%
2017/18 (Premier League - 5th) Germany CB 24 Antonio Rüdiger 45 3
84%
2022/23 (Premier League - 12th) Germany AM 23 Kai Havertz 47 9
84%
2021/22 (Premier League - 3rd) Germany AM 22 Kai Havertz 47 14
84%
2020/21 (Premier League - 4th) Germany AM 21 Kai Havertz 45 9
84%
2024/25 (Premier League - 6th) Ukraine LW 24 Mykhailo Mudryk 15 3
84%
2023/24 (Premier League - 6th) Ukraine LW 22 Mykhailo Mudryk 41 7
84%
2022/23 (Premier League - 12th) Ukraine LW 21 Mykhailo Mudryk 17
84%
2018/19 (Premier League - 3rd) Belgium LW 27 Eden Hazard 52 21
83%
2017/18 (Premier League - 5th) Belgium LW 26 Eden Hazard 51 17
83%
2016/17 (Premier League - 1st) Belgium LW 25 Eden Hazard 43 17
83%
2015/16 (Premier League - 10th) Belgium LW 24 Eden Hazard 43 6
83%
2014/15 (Premier League - 1st) Belgium LW 23 Eden Hazard 52 19
83%
2013/14 (Premier League - 3rd) Belgium LW 22 Eden Hazard 49 17
83%
2012/13 (Premier League - 3rd) Belgium LW 21 Eden Hazard 62 13
83%
2018/19 (Premier League - 3rd) England CB 32 Gary Cahill 8
83%
2017/18 (Premier League - 5th) England CB 31 Gary Cahill 43
83%
2016/17 (Premier League - 1st) England CB 30 Gary Cahill 43 8
83%
2015/16 (Premier League - 10th) England CB 29 Gary Cahill 37 4
83%
2014/15 (Premier League - 1st) England CB 28 Gary Cahill 48 3
83%
2013/14 (Premier League - 3rd) England CB 27 Gary Cahill 47 2
83%
2012/13 (Premier League - 3rd) England CB 26 Gary Cahill 45 6
83%
2011/12 (Premier League - 6th) England CB 25 Gary Cahill 19 2
83%
2009/10 (Premier League - 1st) Portugal CB 31 Ricardo Carvalho 29 1
83%
2008/09 (Premier League - 3rd) Portugal CB 30 Ricardo Carvalho 18 1
83%
2007/08 (Premier League - 2nd) Portugal CB 29 Ricardo Carvalho 38 1
83%
2006/07 (Premier League - 2nd) Portugal CB 28 Ricardo Carvalho 51 4
83%
2005/06 (Premier League - 1st) Portugal CB 27 Ricardo Carvalho 35 3
83%
2004/05 (Premier League - 1st) Portugal CB 26 Ricardo Carvalho 39 1
83%
2019/20 (Premier League - 4th) Brazil LW 30 Willian 47 11
83%
2018/19 (Premier League - 3rd) Brazil LW 29 Willian 56 8
83%
2017/18 (Premier League - 5th) Brazil LW 28 Willian 55 13
83%
2016/17 (Premier League - 1st) Brazil LW 27 Willian 41 12
83%
2015/16 (Premier League - 10th) Brazil LW 26 Willian 49 11
83%
2014/15 (Premier League - 1st) Brazil LW 25 Willian 49 4
83%
2013/14 (Premier League - 3rd) Brazil LW 24 Willian 42 4
83%
2016/17 (Premier League - 1st) Serbia RB 32 Branislav Ivanović 16 1
81%
2015/16 (Premier League - 10th) Serbia RB 31 Branislav Ivanović 43 2
81%
2014/15 (Premier League - 1st) Serbia RB 30 Branislav Ivanović 49 6
81%
2013/14 (Premier League - 3rd) Serbia RB 29 Branislav Ivanović 50 3
81%
2012/13 (Premier League - 3rd) Serbia RB 28 Branislav Ivanović 59 8
81%
2011/12 (Premier League - 6th) Serbia RB 27 Branislav Ivanović 45 5
81%
2010/11 (Premier League - 2nd) Serbia RB 26 Branislav Ivanović 48 6
81%
2009/10 (Premier League - 1st) Serbia RB 25 Branislav Ivanović 41 1
81%
2008/09 (Premier League - 3rd) Serbia RB 24 Branislav Ivanović 26 2
81%
2018/19 (Premier League - 3rd) Spain CM 31 Cesc Fàbregas 16 1
81%
2017/18 (Premier League - 5th) Spain CM 30 Cesc Fàbregas 49 3
81%
2016/17 (Premier League - 1st) Spain CM 29 Cesc Fàbregas 37 7
81%
2015/16 (Premier League - 10th) Spain CM 28 Cesc Fàbregas 49 6
81%
2014/15 (Premier League - 1st) Spain CM 27 Cesc Fàbregas 47 5
81%
2022/23 (Premier League - 12th) United States RW 23 Christian Pulisic 30 1
81%
2021/22 (Premier League - 3rd) United States RW 22 Christian Pulisic 38 8
81%
2020/21 (Premier League - 4th) United States RW 21 Christian Pulisic 43 6
81%
2019/20 (Premier League - 4th) United States RW 20 Christian Pulisic 34 11
81%
2016/17 (Premier League - 1st) Spain ST 27 Diego Costa 42 22
81%
2015/16 (Premier League - 10th) Spain ST 26 Diego Costa 41 16
81%
2014/15 (Premier League - 1st) Spain ST 25 Diego Costa 37 21
81%
2017/18 (Premier League - 5th) England RB 17 Dujon Sterling 2
81%
2013/14 (Premier League - 3rd) Spain ST 29 Fernando Torres 41 11
81%
2012/13 (Premier League - 3rd) Spain ST 28 Fernando Torres 64 22
81%
2011/12 (Premier League - 6th) Spain ST 27 Fernando Torres 49 11
81%
2010/11 (Premier League - 2nd) Spain ST 26 Fernando Torres 18 1
81%
2022/23 (Premier League - 12th) Croatia CM 28 Mateo Kovačić 37 2
81%
2021/22 (Premier League - 3rd) Croatia CM 27 Mateo Kovačić 44 2
81%
2020/21 (Premier League - 4th) Croatia CM 26 Mateo Kovačić 42
81%
2019/20 (Premier League - 4th) Croatia CM 25 Mateo Kovačić 47 2
81%
2018/19 (Premier League - 3rd) Croatia CM 24 Mateo Kovačić 51
81%
2013/14 (Premier League - 3rd) Ghana DM 30 Michael Essien 9
81%
2011/12 (Premier League - 6th) Ghana DM 28 Michael Essien 19
81%
2010/11 (Premier League - 2nd) Ghana DM 27 Michael Essien 44 4
81%
2009/10 (Premier League - 1st) Ghana DM 26 Michael Essien 22 4
81%
2008/09 (Premier League - 3rd) Ghana DM 25 Michael Essien 19 3
81%
2007/08 (Premier League - 2nd) Ghana DM 24 Michael Essien 46 6
81%
2006/07 (Premier League - 2nd) Ghana DM 23 Michael Essien 55 6
81%
2005/06 (Premier League - 1st) Ghana DM 22 Michael Essien 42 2
81%
2014/15 (Premier League - 1st) Egypt RW 22 Mohamed Salah 8
81%
2013/14 (Premier League - 3rd) Egypt RW 21 Mohamed Salah 11 2
81%
2016/17 (Premier League - 1st) Brazil AM 24 Oscar 11
81%
2015/16 (Premier League - 10th) Brazil AM 23 Oscar 40 8
81%
2014/15 (Premier League - 1st) Brazil AM 22 Oscar 41 7
81%
2013/14 (Premier League - 3rd) Brazil AM 21 Oscar 47 11
81%
2012/13 (Premier League - 3rd) Brazil AM 20 Oscar 64 12
81%
2019/20 (Premier League - 4th) Spain RW 31 Pedro Rodríguez 23 2
81%
2018/19 (Premier League - 3rd) Spain RW 30 Pedro Rodríguez 52 13
81%
2017/18 (Premier League - 5th) Spain RW 29 Pedro Rodríguez 48 7
81%
2016/17 (Premier League - 1st) Spain RW 28 Pedro Rodríguez 43 13
81%
2015/16 (Premier League - 10th) Spain RW 27 Pedro Rodríguez 40 8
81%
2023/24 (Premier League - 6th) England LW 28 Raheem Sterling 43 10
81%
2022/23 (Premier League - 12th) England LW 27 Raheem Sterling 38 9
81%
2017/18 (Premier League - 5th) Belgium GK 25 Thibaut Courtois 46
81%
2016/17 (Premier League - 1st) Belgium GK 24 Thibaut Courtois 39
81%
2015/16 (Premier League - 10th) Belgium GK 23 Thibaut Courtois 30
81%
2014/15 (Premier League - 1st) Belgium GK 22 Thibaut Courtois 39
81%
2015/16 (Premier League - 10th) Nigeria DM 28 John Obi Mikel 33 1
80%
2014/15 (Premier League - 1st) Nigeria DM 27 John Obi Mikel 26 1
80%
2013/14 (Premier League - 3rd) Nigeria DM 26 John Obi Mikel 36 2
80%
2012/13 (Premier League - 3rd) Nigeria DM 25 John Obi Mikel 38
80%
2011/12 (Premier League - 6th) Nigeria DM 24 John Obi Mikel 37
80%
2010/11 (Premier League - 2nd) Nigeria DM 23 John Obi Mikel 37
80%
2009/10 (Premier League - 1st) Nigeria DM 22 John Obi Mikel 35
80%
2008/09 (Premier League - 3rd) Nigeria DM 21 John Obi Mikel 49
80%
2007/08 (Premier League - 2nd) Nigeria DM 20 John Obi Mikel 39
80%
2006/07 (Premier League - 2nd) Nigeria DM 19 John Obi Mikel 42 2
80%
2024/25 (Premier League - 6th) France RB 21 Malo Gusto 35
80%
2023/24 (Premier League - 6th) France RB 20 Malo Gusto 37
80%
2021/22 (Premier League - 3rd) Spain LB 30 Marcos Alonso 46 5
80%
2020/21 (Premier League - 4th) Spain LB 29 Marcos Alonso 17 2
80%
2019/20 (Premier League - 4th) Spain LB 28 Marcos Alonso 29 4
80%
2018/19 (Premier League - 3rd) Spain LB 27 Marcos Alonso 39 4
80%
2017/18 (Premier League - 5th) Spain LB 26 Marcos Alonso 46 8
80%
2016/17 (Premier League - 1st) Spain LB 25 Marcos Alonso 35 6
80%
2021/22 (Premier League - 3rd) Denmark CB 25 Andreas Christensen 34 2
78%
2020/21 (Premier League - 4th) Denmark CB 24 Andreas Christensen 27
78%
2019/20 (Premier League - 4th) Denmark CB 23 Andreas Christensen 28
78%
2018/19 (Premier League - 3rd) Denmark CB 22 Andreas Christensen 29
78%
2017/18 (Premier League - 5th) Denmark CB 21 Andreas Christensen 40
78%
2014/15 (Premier League - 1st) Denmark CB 18 Andreas Christensen 3
78%
2024/25 (Premier League - 6th) England LB 28 Ben Chilwell 1
78%
2023/24 (Premier League - 6th) England LB 26 Ben Chilwell 21
78%
2022/23 (Premier League - 12th) England LB 25 Ben Chilwell 30 2
78%
2021/22 (Premier League - 3rd) England LB 24 Ben Chilwell 13 3
78%
2020/21 (Premier League - 4th) England LB 23 Ben Chilwell 42 4
78%
2022/23 (Premier League - 12th) Senegal GK 30 Édouard Mendy 12
78%
2021/22 (Premier League - 3rd) Senegal GK 29 Édouard Mendy 49
78%
2020/21 (Premier League - 4th) Senegal GK 28 Édouard Mendy 44
78%
2016/17 (Premier League - 1st) Serbia DM 27 Nemanja Matić 40 2
78%
2015/16 (Premier League - 10th) Serbia DM 26 Nemanja Matić 43 2
78%
2014/15 (Premier League - 1st) Serbia DM 25 Nemanja Matić 49 3
78%
2013/14 (Premier League - 3rd) Serbia DM 24 Nemanja Matić 19
78%
2009/10 (Premier League - 1st) Serbia DM 20 Nemanja Matić 3
78%
2011/12 (Premier League - 6th) France ST 32 Nicolas Anelka 15 1
78%
2010/11 (Premier League - 2nd) France ST 31 Nicolas Anelka 46 16
78%
2009/10 (Premier League - 1st) France ST 30 Nicolas Anelka 45 15
78%
2008/09 (Premier League - 3rd) France ST 29 Nicolas Anelka 54 25
78%
2007/08 (Premier League - 2nd) France ST 28 Nicolas Anelka 24 2
78%
2024/25 (Premier League - 6th) England RW 23 Noni Madueke 34 10
78%
2023/24 (Premier League - 6th) England RW 21 Noni Madueke 34 8
78%
2022/23 (Premier League - 12th) England RW 20 Noni Madueke 12 1
78%
2015/16 (Premier League - 10th) Brazil CM 28 Ramires 21 3
78%
2014/15 (Premier League - 1st) Brazil CM 27 Ramires 34 4
78%
2013/14 (Premier League - 3rd) Brazil CM 26 Ramires 46 4
78%
2012/13 (Premier League - 3rd) Brazil CM 25 Ramires 62 9
78%
2011/12 (Premier League - 6th) Brazil CM 24 Ramires 47 12
78%
2010/11 (Premier League - 2nd) Brazil CM 23 Ramires 41 2
78%
2013/14 (Premier League - 3rd) Cameroon ST 32 Samuel Eto'o 35 12
78%
2009/10 (Premier League - 1st) Ukraine ST 32 Andriy Shevchenko 1
77%
2007/08 (Premier League - 2nd) Ukraine ST 30 Andriy Shevchenko 25 8
77%
2006/07 (Premier League - 2nd) Ukraine ST 29 Andriy Shevchenko 51 14
77%
2023/24 (Premier League - 6th) Albania ST 21 Armando Broja 19 2
77%
2022/23 (Premier League - 12th) Albania ST 20 Armando Broja 18 1
77%
2019/20 (Premier League - 4th) Albania ST 17 Armando Broja 1
77%
2023/24 (Premier League - 6th) England CM 23 Conor Gallagher 50 7
77%
2022/23 (Premier League - 12th) England CM 22 Conor Gallagher 45 3
77%
2018/19 (Premier League - 3rd) Brazil CB 31 David Luiz 50 3
77%
2017/18 (Premier League - 5th) Brazil CB 30 David Luiz 17 2
77%
2016/17 (Premier League - 1st) Brazil CB 29 David Luiz 38 1
77%
2013/14 (Premier League - 3rd) Brazil CB 26 David Luiz 34
77%
2012/13 (Premier League - 3rd) Brazil CB 25 David Luiz 57 7
77%
2011/12 (Premier League - 6th) Brazil CB 24 David Luiz 40 3
77%
2010/11 (Premier League - 2nd) Brazil CB 23 David Luiz 12 2
77%
2002/03 (Premier League - 4th) Italy SS 35 Gianfranco Zola 46 16
77%
2001/02 (Premier League - 6th) Italy SS 34 Gianfranco Zola 50 5
77%
2000/01 (Premier League - 6th) Italy SS 33 Gianfranco Zola 43 12
77%
1999/00 (Premier League - 5th) Italy SS 32 Gianfranco Zola 53 8
77%
1998/99 (Premier League - 3rd) Italy SS 31 Gianfranco Zola 49 15
77%
1997/98 (Premier League - 4th) Italy SS 30 Gianfranco Zola 41 12
77%
1996/97 (Premier League - 6th) Italy SS 29 Gianfranco Zola 30 12
77%
2024/25 (Premier League - 6th) Portugal SS 25 João Félix 20 7
77%
2022/23 (Premier League - 12th) Portugal SS 22 João Félix 20 4
77%
2013/14 (Premier League - 3rd) Spain AM 25 Juan Mata 17 1
77%
2012/13 (Premier League - 3rd) Spain AM 24 Juan Mata 64 20
77%
2011/12 (Premier League - 6th) Spain AM 23 Juan Mata 54 12
77%
2024/25 (Premier League - 6th) Portugal RW 25 Pedro Neto 39 6
77%
2020/21 (Premier League - 4th) England ST 22 Tammy Abraham 32 12
77%
2019/20 (Premier League - 4th) England ST 21 Tammy Abraham 47 18
77%
2018/19 (Premier League - 3rd) England ST 20 Tammy Abraham 1
77%
2015/16 (Premier League - 10th) England ST 17 Tammy Abraham 2
77%
2018/19 (Premier League - 3rd) Nigeria RM 27 Victor Moses 6
77%
2017/18 (Premier League - 5th) Nigeria RM 26 Victor Moses 38 4
77%
2016/17 (Premier League - 1st) Nigeria RM 25 Victor Moses 40 4
77%
2015/16 (Premier League - 10th) Nigeria RW 24 Victor Moses 1
77%
2012/13 (Premier League - 3rd) Nigeria RW 21 Victor Moses 43 10
77%
2022/23 (Premier League - 12th) Morocco RW 29 Hakim Ziyech 24
75%
2021/22 (Premier League - 3rd) Morocco RW 28 Hakim Ziyech 44 8
75%
2020/21 (Premier League - 4th) Morocco RW 27 Hakim Ziyech 39 6
75%
2009/10 (Premier League - 1st) Germany CM 32 Michael Ballack 45 5
75%
2008/09 (Premier League - 3rd) Germany CM 31 Michael Ballack 46 4
75%
2007/08 (Premier League - 2nd) Germany CM 30 Michael Ballack 30 9
75%
2006/07 (Premier League - 2nd) Germany CM 29 Michael Ballack 46 8
75%
2013/14 (Premier League - 3rd) Belgium AM 22 Kevin De Bruyne 9
74%
2016/17 (Premier League - 1st) England DM 21 Nathaniel Chalobah 15
74%
2020/21 (Premier League - 4th) France ST 33 Olivier Giroud 31 11
74%
2019/20 (Premier League - 4th) France ST 32 Olivier Giroud 25 10
74%
2018/19 (Premier League - 3rd) France ST 31 Olivier Giroud 45 13
74%
2017/18 (Premier League - 5th) France ST 30 Olivier Giroud 18 5
74%
2021/22 (Premier League - 3rd) Germany LW 25 Timo Werner 37 11
74%
2020/21 (Premier League - 4th) Germany LW 24 Timo Werner 52 12
74%
2024/25 (Premier League - 6th) England CB 25 Trevoh Chalobah 13
74%
2023/24 (Premier League - 6th) England CB 23 Trevoh Chalobah 17 1
74%
2022/23 (Premier League - 12th) England CB 22 Trevoh Chalobah 33
74%
2021/22 (Premier League - 3rd) England CB 21 Trevoh Chalobah 30 4
74%
2020/21 (Premier League - 4th) Argentina GK 38 Willy Caballero 2
74%
2019/20 (Premier League - 4th) Argentina GK 37 Willy Caballero 14
74%
2018/19 (Premier League - 3rd) Argentina GK 36 Willy Caballero 9
74%
2017/18 (Premier League - 5th) Argentina GK 35 Willy Caballero 13
74%
2018/19 (Premier League - 3rd) Spain ST 25 Álvaro Morata 24 9
72%
2017/18 (Premier League - 5th) Spain ST 24 Álvaro Morata 48 15
72%
2014/15 (Premier League - 1st) Germany LW 23 André Schürrle 22 5
72%
2013/14 (Premier League - 3rd) Germany LW 22 André Schürrle 43 9
72%
2024/25 (Premier League - 6th) France AM 27 Christopher Nkunku 42 14
72%
2023/24 (Premier League - 6th) France AM 25 Christopher Nkunku 14 3
72%
2007/08 (Premier League - 2nd) France DM 34 Claude Makélélé 34
72%
2006/07 (Premier League - 2nd) France DM 33 Claude Makélélé 46 1
72%
2005/06 (Premier League - 1st) France DM 32 Claude Makélélé 41
72%
2004/05 (Premier League - 1st) France DM 31 Claude Makélélé 50 1
72%
2003/04 (Premier League - 2nd) France DM 30 Claude Makélélé 46
72%
2022/23 (Premier League - 12th) Ivory Coast ST 19 David Datro Fofana 4
72%
2009/10 (Premier League - 1st) Portugal AM 31 Deco 28 3
72%
2008/09 (Premier League - 3rd) Portugal AM 30 Deco 30 3
72%
2024/25 (Premier League - 6th) Denmark GK 23 Filip Jörgensen 20
72%
2021/22 (Premier League - 3rd) France CB 26 Kurt Zouma 1
72%
2020/21 (Premier League - 4th) France CB 25 Kurt Zouma 36 5
72%
2019/20 (Premier League - 4th) France CB 24 Kurt Zouma 43 1
72%
2016/17 (Premier League - 1st) France CB 21 Kurt Zouma 13
72%
2015/16 (Premier League - 10th) France CB 20 Kurt Zouma 32 2
72%
2014/15 (Premier League - 1st) France CB 19 Kurt Zouma 26 2
72%
2022/23 (Premier League - 12th) Gabon ST 33 Pierre-Emerick Aubameyang 21 3
72%
2024/25 (Premier League - 6th) France CB 24 Wesley Fofana 14
72%
2022/23 (Premier League - 12th) France CB 21 Wesley Fofana 20 2
72%
2011/12 (Premier League - 6th) France LW 31 Florent Malouda 43 3
71%
2010/11 (Premier League - 2nd) France LW 30 Florent Malouda 50 14
71%
2009/10 (Premier League - 1st) France LW 29 Florent Malouda 51 15
71%
2008/09 (Premier League - 3rd) France LW 28 Florent Malouda 47 9
71%
2007/08 (Premier League - 2nd) France LW 27 Florent Malouda 38 4
71%
2024/25 (Premier League - 6th) England LW 25 Jadon Sancho 34 3
71%
2024/25 (Premier League - 6th) England CB 22 Levi Colwill 32 1
71%
2023/24 (Premier League - 6th) England CB 20 Levi Colwill 32 1
71%
2019/20 (Premier League - 4th) Belgium ST 25 Michy Batshuayi 24 6
71%
2017/18 (Premier League - 5th) Belgium ST 23 Michy Batshuayi 25 10
71%
2016/17 (Premier League - 1st) Belgium ST 22 Michy Batshuayi 28 9
71%
2011/12 (Premier League - 6th) Ivory Coast LW 25 Salomon Kalou 26 5
71%
2010/11 (Premier League - 2nd) Ivory Coast LW 24 Salomon Kalou 42 13
71%
2009/10 (Premier League - 1st) Ivory Coast LW 23 Salomon Kalou 37 12
71%
2008/09 (Premier League - 3rd) Ivory Coast LW 22 Salomon Kalou 43 10
71%
2007/08 (Premier League - 2nd) Ivory Coast LW 21 Salomon Kalou 48 11
71%
2006/07 (Premier League - 2nd) Ivory Coast LW 20 Salomon Kalou 58 9
71%
2022/23 (Premier League - 12th) England CM 26 Ruben Loftus-Cheek 33
70%
2021/22 (Premier League - 3rd) England CM 25 Ruben Loftus-Cheek 40 1
70%
2020/21 (Premier League - 4th) England CM 24 Ruben Loftus-Cheek 1
70%
2019/20 (Premier League - 4th) England CM 23 Ruben Loftus-Cheek 9
70%
2018/19 (Premier League - 3rd) England CM 22 Ruben Loftus-Cheek 40 10
70%
2016/17 (Premier League - 1st) England CM 20 Ruben Loftus-Cheek 11
70%
2015/16 (Premier League - 10th) England CM 19 Ruben Loftus-Cheek 17 2
70%
2014/15 (Premier League - 1st) England CM 18 Ruben Loftus-Cheek 4
70%
2016/17 (Premier League - 1st) Bosnia and Herzegovina GK 29 Asmir Begović 8
68%
2015/16 (Premier League - 10th) Bosnia and Herzegovina GK 28 Asmir Begović 25
68%
2024/25 (Premier League - 6th) France CB 24 Benoît Badiashile 17
68%
2023/24 (Premier League - 6th) France CB 22 Benoît Badiashile 22 1
68%
2022/23 (Premier League - 12th) France CB 21 Benoît Badiashile 11 1
68%
2023/24 (Premier League - 6th) Serbia GK 23 Đorđe Petrović 31
68%
2022/23 (Premier League - 12th) Senegal CB 31 Kalidou Koulibaly 32 2
68%
2006/07 (Premier League - 2nd) Netherlands RW 22 Arjen Robben 37 3
67%
2005/06 (Premier League - 1st) Netherlands RW 21 Arjen Robben 40 7
67%
2004/05 (Premier League - 1st) Netherlands RW 20 Arjen Robben 29 9
67%
2021/22 (Premier League - 3rd) Italy LB 26 Emerson Palmieri 1
67%
2020/21 (Premier League - 4th) Italy LB 25 Emerson Palmieri 15 1
67%
2019/20 (Premier League - 4th) Italy LB 24 Emerson Palmieri 21
67%
2018/19 (Premier League - 3rd) Italy LB 23 Emerson Palmieri 27 1
67%
2017/18 (Premier League - 5th) Italy LB 22 Emerson Palmieri 7
67%
2018/19 (Premier League - 3rd) Argentina ST 30 Gonzalo Higuaín 18 5
65%
2015/16 (Premier League - 10th) Colombia ST 29 Radamel Falcao 12 1
65%
2024/25 (Premier League - 6th) Belgium DM 21 Roméo Lavia 13
65%
2023/24 (Premier League - 6th) Belgium DM 19 Roméo Lavia 1
65%
2014/15 (Premier League - 1st) Brazil LB 28 Filipe Luís 26 1
64%
2003/04 (Premier League - 2nd) Netherlands ST 31 Jimmy Floyd Hasselbaink 44 17
64%
2002/03 (Premier League - 4th) Netherlands ST 30 Jimmy Floyd Hasselbaink 44 15
64%
2001/02 (Premier League - 6th) Netherlands ST 29 Jimmy Floyd Hasselbaink 48 29
64%
2000/01 (Premier League - 6th) Netherlands ST 28 Jimmy Floyd Hasselbaink 41 26
64%
2024/25 (Premier League - 6th) England CM 26 Kiernan Dewsbury-Hall 26 3
64%
2016/17 (Premier League - 1st) Netherlands CB 21 Nathan Aké 5
64%
2014/15 (Premier League - 1st) Netherlands CB 19 Nathan Aké 5
64%
2013/14 (Premier League - 3rd) Netherlands CB 18 Nathan Aké 1
64%
2012/13 (Premier League - 3rd) Netherlands CB 17 Nathan Aké 6
64%
2021/22 (Premier League - 3rd) England LW 20 Callum Hudson-Odoi 28 3
62%
2020/21 (Premier League - 4th) England LW 19 Callum Hudson-Odoi 37 5
62%
2019/20 (Premier League - 4th) England LW 18 Callum Hudson-Odoi 33 3
62%
2018/19 (Premier League - 3rd) England LW 17 Callum Hudson-Odoi 24 5
62%
2017/18 (Premier League - 5th) England LW 16 Callum Hudson-Odoi 4
62%
2005/06 (Premier League - 1st) Argentina ST 29 Hernán Crespo 42 13
62%
2003/04 (Premier League - 2nd) Argentina ST 27 Hernán Crespo 31 12
62%
2011/12 (Premier League - 6th) Portugal RB 28 José Bosingwa 43 1
62%
2010/11 (Premier League - 2nd) Portugal RB 27 José Bosingwa 26
62%
2009/10 (Premier League - 1st) Portugal RB 26 José Bosingwa 9
62%
2008/09 (Premier League - 3rd) Portugal RB 25 José Bosingwa 48 2
62%
2012/13 (Premier League - 3rd) Portugal RB 33 Paulo Ferreira 7
62%
2011/12 (Premier League - 6th) Portugal RB 32 Paulo Ferreira 9
62%
2010/11 (Premier League - 2nd) Portugal RB 31 Paulo Ferreira 29
62%
2009/10 (Premier League - 1st) Portugal RB 30 Paulo Ferreira 20 1
62%
2008/09 (Premier League - 3rd) Portugal RB 29 Paulo Ferreira 12
62%
2007/08 (Premier League - 2nd) Portugal RB 28 Paulo Ferreira 28
62%
2006/07 (Premier League - 2nd) Portugal RB 27 Paulo Ferreira 38
62%
2005/06 (Premier League - 1st) Portugal RB 26 Paulo Ferreira 32 1
62%
2004/05 (Premier League - 1st) Portugal RB 25 Paulo Ferreira 42
62%
2012/13 (Premier League - 3rd) Portugal CM 29 Raul Meireles 3
62%
2011/12 (Premier League - 6th) Portugal CM 28 Raul Meireles 45 6
62%
2024/25 (Premier League - 6th) France CB 27 Axel Disasi 17 2
61%
2023/24 (Premier League - 6th) France CB 25 Axel Disasi 44 3
61%
2018/19 (Premier League - 3rd) Italy RB 26 Davide Zappacosta 17
61%
2017/18 (Premier League - 5th) Italy RB 25 Davide Zappacosta 35 2
61%
2024/25 (Premier League - 6th) Spain ST 19 Marc Guiu 13 6
61%
2017/18 (Premier League - 5th) France DM 22 Tiémoué Bakayoko 43 3
61%
2024/25 (Premier League - 6th) England CB 27 Tosin Adarabioyo 33 4
61%
2005/06 (Premier League - 1st) Iceland ST 26 Eiður Guðjohnsen 37 3
59%
2004/05 (Premier League - 1st) Iceland ST 25 Eiður Guðjohnsen 58 16
59%
2003/04 (Premier League - 2nd) Iceland ST 24 Eiður Guðjohnsen 41 13
59%
2002/03 (Premier League - 4th) Iceland ST 23 Eiður Guðjohnsen 44 10
59%
2001/02 (Premier League - 6th) Iceland ST 22 Eiður Guðjohnsen 47 23
59%
2000/01 (Premier League - 6th) Iceland ST 21 Eiður Guðjohnsen 36 13
59%
2011/12 (Premier League - 6th) Brazil CB 29 Alex 9
58%
2010/11 (Premier League - 2nd) Brazil CB 28 Alex 20 2
58%
2009/10 (Premier League - 1st) Brazil CB 27 Alex 25 1
58%
2008/09 (Premier League - 3rd) Brazil CB 26 Alex 41 4
58%
2007/08 (Premier League - 2nd) Brazil CB 25 Alex 39 3
58%
2020/21 (Premier League - 4th) Scotland DM 19 Billy Gilmour 11
58%
2019/20 (Premier League - 4th) Scotland DM 18 Billy Gilmour 11
58%
2005/06 (Premier League - 1st) Ireland RM 26 Damien Duff 40 3
58%
2004/05 (Premier League - 1st) Ireland RM 25 Damien Duff 48 10
58%
2003/04 (Premier League - 2nd) Ireland RM 24 Damien Duff 37 6
58%
2015/16 (Premier League - 10th) Colombia RM 27 Juan Cuadrado 1
58%
2014/15 (Premier League - 1st) Colombia RM 26 Juan Cuadrado 14
58%
2003/04 (Premier League - 2nd) France CB 34 Marcel Desailly 25
58%
2002/03 (Premier League - 4th) France CB 33 Marcel Desailly 33 2
58%
2001/02 (Premier League - 6th) France CB 32 Marcel Desailly 37 1
58%
2000/01 (Premier League - 6th) France CB 31 Marcel Desailly 39 2
58%
1999/00 (Premier League - 5th) France CB 30 Marcel Desailly 43 1
58%
1998/99 (Premier League - 3rd) France CB 29 Marcel Desailly 45 1
58%
2018/19 (Premier League - 3rd) England CM 28 Danny Drinkwater 1
57%
2017/18 (Premier League - 5th) England CM 27 Danny Drinkwater 22 1
57%
1995/96 (Premier League - 11th) Wales RB 26 Gareth Hall 5 1
57%
1994/95 (Premier League - 11th) Wales RB 25 Gareth Hall 9
57%
1993/94 (Premier League - 14th) Wales RB 24 Gareth Hall 8
57%
1992/93 (Premier League - 11th) Wales RB 23 Gareth Hall 41 2
57%
2022/23 (Premier League - 12th) England LB 17 Lewis Hall 11
57%
2021/22 (Premier League - 3rd) England LB 16 Lewis Hall 1
57%
2021/22 (Premier League - 3rd) France CB 22 Malang Sarr 21
57%
2021/22 (Premier League - 3rd) England AM 27 Ross Barkley 14 1
57%
2020/21 (Premier League - 4th) England AM 26 Ross Barkley 3 1
57%
2019/20 (Premier League - 4th) England AM 25 Ross Barkley 31 5
57%
2018/19 (Premier League - 3rd) England AM 24 Ross Barkley 48 5
57%
2017/18 (Premier League - 5th) England AM 23 Ross Barkley 4
57%
2005/06 (Premier League - 1st) France CB 27 William Gallas 45 5
57%
2004/05 (Premier League - 1st) France CB 26 William Gallas 46 2
57%
2003/04 (Premier League - 2nd) France CB 25 William Gallas 45 1
57%
2002/03 (Premier League - 4th) France CB 24 William Gallas 48 4
57%
2001/02 (Premier League - 6th) France CB 23 William Gallas 41 2
57%
2020/21 (Premier League - 4th) England CB 22 Fikayo Tomori 4
55%
2019/20 (Premier League - 4th) England CB 21 Fikayo Tomori 22 2
55%
2015/16 (Premier League - 10th) England CB 17 Fikayo Tomori 1
55%
2015/16 (Premier League - 10th) France ST 28 Loïc Rémy 20 3
55%
2014/15 (Premier League - 1st) France ST 27 Loïc Rémy 27 9
55%
1997/98 (Premier League - 4th) Netherlands AM 34 Ruud Gullit 10
55%
1996/97 (Premier League - 6th) Netherlands AM 33 Ruud Gullit 14 1
55%
1995/96 (Premier League - 11th) Netherlands AM 32 Ruud Gullit 40 6
55%
Manager Netherlands 1996 1998 Ruud Gullit 83
55%
2013/14 (Premier League - 3rd) England LB 23 Ryan Bertrand 3
55%
2012/13 (Premier League - 3rd) England LB 22 Ryan Bertrand 38 2
55%
2011/12 (Premier League - 6th) England LB 21 Ryan Bertrand 15
55%
2010/11 (Premier League - 2nd) England LB 20 Ryan Bertrand 1
55%
2012/13 (Premier League - 3rd) Israel RW 32 Yossi Benayoun 13
55%
2011/12 (Premier League - 6th) Israel RW 31 Yossi Benayoun 1
55%
2010/11 (Premier League - 2nd) Israel RW 30 Yossi Benayoun 10 1
55%
2015/16 (Premier League - 10th) Ghana LB 20 Abdul Baba Rahman 23
54%
2024/25 (Premier League - 6th) Italy CM 22 Cesare Casadei 6
54%
2023/24 (Premier League - 6th) Italy CM 20 Cesare Casadei 11
54%
2007/08 (Premier League - 2nd) England RB 22 Glen Johnson 3
54%
2005/06 (Premier League - 1st) England RB 20 Glen Johnson 8
54%
2004/05 (Premier League - 1st) England RB 19 Glen Johnson 28
54%
2003/04 (Premier League - 2nd) England RB 18 Glen Johnson 32 4
54%
2024/25 (Premier League - 6th) England LW 19 Tyrique George 20 2
54%
2008/09 (Premier League - 3rd) Italy GK 34 Carlo Cudicini 4
52%
2007/08 (Premier League - 2nd) Italy GK 33 Carlo Cudicini 19
52%
2006/07 (Premier League - 2nd) Italy GK 32 Carlo Cudicini 11
52%
2005/06 (Premier League - 1st) Italy GK 31 Carlo Cudicini 12
52%
2004/05 (Premier League - 1st) Italy GK 30 Carlo Cudicini 11
52%
2003/04 (Premier League - 2nd) Italy GK 29 Carlo Cudicini 40
52%
2002/03 (Premier League - 4th) Italy GK 28 Carlo Cudicini 46
52%
2001/02 (Premier League - 6th) Italy GK 27 Carlo Cudicini 41
52%
2000/01 (Premier League - 6th) Italy GK 26 Carlo Cudicini 29
52%
1999/00 (Premier League - 5th) Italy GK 25 Carlo Cudicini 3
52%
2012/13 (Premier League - 3rd) England ST 22 Daniel Sturridge 12 2
52%
2011/12 (Premier League - 6th) England ST 21 Daniel Sturridge 43 13
52%
2010/11 (Premier League - 2nd) England ST 20 Daniel Sturridge 21 4
52%
2009/10 (Premier League - 1st) England ST 19 Daniel Sturridge 20 5
52%
2022/23 (Premier League - 12th) Switzerland DM 25 Denis Zakaria 11 1
52%
2010/11 (Premier League - 2nd) Russia LB 26 Yuri Zhirkov 22 1
52%
2009/10 (Premier League - 1st) Russia LB 25 Yuri Zhirkov 27
52%
2004/05 (Premier League - 1st) Romania ST 25 Adrian Mutu 2
51%
2003/04 (Premier League - 2nd) Romania ST 24 Adrian Mutu 36 10
51%
2005/06 (Premier League - 1st) England CM 18 Jimmy Smith 1
51%
2013/14 (Premier League - 3rd) Australia GK 40 Mark Schwarzer 12
51%
Manager Italy 2012 2012 Roberto Di Matteo 42
51%
2021/22 (Premier League - 3rd) Spain CM 26 Saúl Ñíguez 23 1
51%
2007/08 (Premier League - 2nd) Peru ST 28 Claudio Pizarro 32 2
49%
2023/24 (Premier League - 6th) Netherlands LB 21 Ian Maatsen 15
49%
2019/20 (Premier League - 4th) Netherlands LB 17 Ian Maatsen 1
49%
2008/09 (Premier League - 3rd) England LB 27 Wayne Bridge 12
49%
2007/08 (Premier League - 2nd) England LB 26 Wayne Bridge 22
49%
2006/07 (Premier League - 2nd) England LB 25 Wayne Bridge 33 1
49%
2005/06 (Premier League - 1st) England LB 24 Wayne Bridge 2
49%
2004/05 (Premier League - 1st) England LB 23 Wayne Bridge 25
49%
2003/04 (Premier League - 2nd) England LB 22 Wayne Bridge 48 3
49%
1998/99 (Premier League - 3rd) Italy ST 33 Gianluca Vialli 20 10
48%
1997/98 (Premier League - 4th) Italy ST 32 Gianluca Vialli 34 19
48%
1996/97 (Premier League - 6th) Italy ST 31 Gianluca Vialli 34 11
48%
Manager Italy 1998 2000 Gianluca Vialli 143
48%
2024/25 (Premier League - 6th) England RB 18 Josh Acheampong 10
48%
2024/25 (Premier League - 6th) Portugal LB 21 Renato Veiga 18 2
46%
2015/16 (Premier League - 10th) Burkina Faso RW 19 Bertrand Traoré 16 4
45%
2017/18 (Premier League - 5th) Belgium LW 20 Charly Musonda 7 1
45%
2018/19 (Premier League - 3rd) Wales DM 17 Ethan Ampadu 5
45%
2017/18 (Premier League - 5th) Wales DM 16 Ethan Ampadu 7
45%
2000/01 (Premier League - 6th) Italy CM 30 Roberto Di Matteo 10
45%
1999/00 (Premier League - 5th) Italy CM 29 Roberto Di Matteo 31 4
45%
1998/99 (Premier League - 3rd) Italy CM 28 Roberto Di Matteo 46 3
45%
1997/98 (Premier League - 4th) Italy CM 27 Roberto Di Matteo 44 10
45%
1996/97 (Premier League - 6th) Italy CM 26 Roberto Di Matteo 44 9
45%
2000/01 (Premier League - 6th) England CM 33 Dennis Wise 42 3
43%
1999/00 (Premier League - 5th) England CM 32 Dennis Wise 50 9
43%
1998/99 (Premier League - 3rd) England CM 31 Dennis Wise 37 2
43%
1997/98 (Premier League - 4th) England CM 30 Dennis Wise 40 3
43%
1996/97 (Premier League - 6th) England CM 29 Dennis Wise 40 6
43%
1995/96 (Premier League - 11th) England CM 28 Dennis Wise 44 8
43%
1994/95 (Premier League - 11th) England CM 27 Dennis Wise 29 7
43%
1993/94 (Premier League - 14th) England CM 26 Dennis Wise 41 6
43%
1992/93 (Premier League - 11th) England CM 25 Dennis Wise 32 4
43%
2003/04 (Premier League - 2nd) France DM 32 Emmanuel Petit 7
43%
2002/03 (Premier League - 4th) France DM 31 Emmanuel Petit 31 2
43%
2001/02 (Premier League - 6th) France DM 30 Emmanuel Petit 38 1
43%
2008/09 (Premier League - 3rd) England RW 26 Shaun Wright-Phillips 1
43%
2007/08 (Premier League - 2nd) England RW 25 Shaun Wright-Phillips 41 4
43%
2006/07 (Premier League - 2nd) England RW 24 Shaun Wright-Phillips 44 6
43%
2005/06 (Premier League - 1st) England RW 23 Shaun Wright-Phillips 39
43%
2015/16 (Premier League - 10th) Brazil ST 25 Alexandre Pato 2 1
42%
2021/22 (Premier League - 3rd) Brazil LW 25 Kenedy 3
42%
2017/18 (Premier League - 5th) Brazil LW 21 Kenedy 5 1
42%
2016/17 (Premier League - 1st) Brazil LW 20 Kenedy 2
42%
2015/16 (Premier League - 10th) Brazil LW 19 Kenedy 20 2
42%
2005/06 (Premier League - 1st) Germany CB 20 Robert Huth 21
42%
2004/05 (Premier League - 1st) Germany CB 19 Robert Huth 15 1
42%
2003/04 (Premier League - 2nd) Germany CB 18 Robert Huth 20 1
42%
2002/03 (Premier League - 4th) Germany CB 17 Robert Huth 5
42%
2001/02 (Premier League - 6th) Germany CB 16 Robert Huth 1
42%
2000/01 (Premier League - 6th) Norway ST 27 Tore André Flo 17 3
42%
1999/00 (Premier League - 5th) Norway ST 26 Tore André Flo 57 19
42%
1998/99 (Premier League - 3rd) Norway ST 25 Tore André Flo 45 13
42%
1997/98 (Premier League - 4th) Norway ST 24 Tore André Flo 44 15
42%
1992/93 (Premier League - 11th) Wales DM 27 Vinnie Jones 7 1
42%
2023/24 (Premier League - 6th) Brazil ST 18 Deivid Washington 3
41%
2013/14 (Premier League - 3rd) Netherlands CM 20 Marco van Ginkel 4
41%
2023/24 (Premier League - 6th) England RB 19 Alfie Gilchrist 17 1
39%
2024/25 (Premier League - 6th) England CM 21 Carney Chukwuemeka 5
39%
2023/24 (Premier League - 6th) England CM 19 Carney Chukwuemeka 12 2
39%
2022/23 (Premier League - 12th) England CM 18 Carney Chukwuemeka 15
39%
2000/01 (Premier League - 6th) Uruguay AM 32 Gus Poyet 34 12
39%
1999/00 (Premier League - 5th) Uruguay AM 31 Gus Poyet 53 18
39%
1998/99 (Premier League - 3rd) Uruguay AM 30 Gus Poyet 38 14
39%
1997/98 (Premier League - 4th) Uruguay AM 29 Gus Poyet 19 5
39%
2012/13 (Premier League - 3rd) Spain DM 20 Oriol Romeu 9 1
39%
2011/12 (Premier League - 6th) Spain DM 19 Oriol Romeu 24
39%
2005/06 (Premier League - 1st) Portugal CM 24 Tiago Mendes 1
39%
2004/05 (Premier League - 1st) Portugal CM 23 Tiago Mendes 51 4
39%
Manager Italy 2016 2018 Antonio Conte 106
38%
Manager England 2022 2023 Graham Potter 31
38%
2003/04 (Premier League - 2nd) Argentina CM 28 Juan Sebastián Verón 14 1
38%
2009/10 (Premier League - 1st) Brazil RB 33 Juliano Belletti 22
38%
2008/09 (Premier League - 3rd) Brazil RB 32 Juliano Belletti 34 3
38%
2007/08 (Premier League - 2nd) Brazil RB 31 Juliano Belletti 38 2
38%
2023/24 (Premier League - 6th) France DM 19 Lesley Ugochukwu 15
38%
Manager Argentina 2023 2024 Mauricio Pochettino 51
38%
Manager Germany 2021 2022 Thomas Tuchel 100
38%
Manager Italy 2024 Now Enzo Maresca 49
36%
Manager Portugal 2013 2015 José Mourinho 136
36%
Manager Portugal 2004 2007 José Mourinho 185
36%
1999/00 (Premier League - 5th) France DM 30 Didier Deschamps 47 1
35%
2002/03 (Premier League - 4th) England LB 33 Graeme Le Saux 34 2
35%
2001/02 (Premier League - 6th) England LB 32 Graeme Le Saux 40 2
35%
2000/01 (Premier League - 6th) England LB 31 Graeme Le Saux 25
35%
1999/00 (Premier League - 5th) England LB 30 Graeme Le Saux 13
35%
1998/99 (Premier League - 3rd) England LB 29 Graeme Le Saux 46
35%
1997/98 (Premier League - 4th) England LB 28 Graeme Le Saux 34 3
35%
1992/93 (Premier League - 11th) England LB 23 Graeme Le Saux 19
35%
2007/08 (Premier League - 2nd) France DM 22 Lassana Diarra 1
35%
2006/07 (Premier League - 2nd) France DM 21 Lassana Diarra 23
35%
2005/06 (Premier League - 1st) France DM 20 Lassana Diarra 7
35%
2012/13 (Premier League - 3rd) Germany AM 23 Marko Marin 16 1
35%
2004/05 (Premier League - 1st) Serbia ST 25 Mateja Kežman 41 7
35%
2019/20 (Premier League - 4th) Ghana RB 18 Tariq Lamptey 3
35%
2013/14 (Premier League - 3rd) Czech Republic CB 20 Tomáš Kalas 4
35%
1999/00 (Premier League - 5th) Liberia ST 32 George Weah 15 5
33%
2011/12 (Premier League - 6th) Portugal GK 35 Henrique Hilário 2
33%
2010/11 (Premier League - 2nd) Portugal GK 34 Henrique Hilário 1
33%
2009/10 (Premier League - 1st) Portugal GK 33 Henrique Hilário 11
33%
2008/09 (Premier League - 3rd) Portugal GK 32 Henrique Hilário 1
33%
2007/08 (Premier League - 2nd) Portugal GK 31 Henrique Hilário 6
33%
2006/07 (Premier League - 2nd) Portugal GK 30 Henrique Hilário 18
33%
2010/11 (Premier League - 2nd) Netherlands LB 19 Patrick van Aanholt 6 1
33%
2009/10 (Premier League - 1st) Netherlands LB 18 Patrick van Aanholt 2
33%
2008/09 (Premier League - 3rd) Portugal RW 24 Ricardo Quaresma 5
33%
2005/06 (Premier League - 1st) Spain LB 24 Asier del Horno 34 1
32%
Manager Italy 2009 2011 Carlo Ancelotti 109
32%
Manager Netherlands 2015 2016 Guus Hiddink 27
32%
Manager Netherlands 2009 2009 Guus Hiddink 22
32%
2017/18 (Premier League - 5th) Ivory Coast LW 20 Jérémie Boga 1
32%
2021/22 (Premier League - 3rd) England ST 17 Jude Soonsup-Bell 1
32%
Manager Italy 2018 2019 Maurizio Sarri 63
32%
2007/08 (Premier League - 2nd) Israel CB 25 Tal Ben Haim 23
32%
2002/03 (Premier League - 4th) Spain RB 32 Albert Ferrer 4
30%
2001/02 (Premier League - 6th) Spain RB 31 Albert Ferrer 10
30%
2000/01 (Premier League - 6th) Spain RB 30 Albert Ferrer 17
30%
1999/00 (Premier League - 5th) Spain RB 29 Albert Ferrer 41 1
30%
1998/99 (Premier League - 3rd) Spain RB 28 Albert Ferrer 41
30%
2004/05 (Premier League - 1st) Nigeria LB 25 Celestine Babayaro 6
30%
2003/04 (Premier League - 2nd) Nigeria LB 24 Celestine Babayaro 14 1
30%
2002/03 (Premier League - 4th) Nigeria LB 23 Celestine Babayaro 24 1
30%
2001/02 (Premier League - 6th) Netherlands LB 22 Celestine Babayaro 28
30%
2000/01 (Premier League - 6th) Nigeria LB 21 Celestine Babayaro 28
30%
1999/00 (Premier League - 5th) Nigeria LB 20 Celestine Babayaro 41 2
30%
1998/99 (Premier League - 3rd) Nigeria LB 19 Celestine Babayaro 44 4
30%
1997/98 (Premier League - 4th) Nigeria LB 18 Celestine Babayaro 13
30%
2014/15 (Premier League - 1st) England ST 16 Dominic Solanke 1
30%
2014/15 (Premier League - 1st) England AM 17 Izzy Brown 1
30%
2012/13 (Premier League - 3rd) Brazil AM 18 Lucas Piazon 3
30%
Manager Spain 2012 2013 Rafael Benítez 48
30%
2004/05 (Premier League - 1st) Jamaica CM 17 Anthony Grant 1
29%
Manager Israel 2007 2008 Avram Grant 54
29%
Manager Italy 2000 2004 Claudio Ranieri 199
29%
2006/07 (Premier League - 2nd) Cameroon RM 27 Geremi Njitap 28 1
29%
2005/06 (Premier League - 1st) Cameroon RM 26 Geremi Njitap 22 2
29%
2004/05 (Premier League - 1st) Cameroon RM 25 Geremi Njitap 20
29%
2003/04 (Premier League - 2nd) Cameroon RM 24 Geremi Njitap 39 1
29%
2003/04 (Premier League - 2nd) Netherlands RB 26 Mario Melchiot 33 2
29%
2002/03 (Premier League - 4th) Netherlands RB 25 Mario Melchiot 41
29%
2001/02 (Premier League - 6th) Netherlands RB 24 Mario Melchiot 50 2
29%
2000/01 (Premier League - 6th) Netherlands RB 23 Mario Melchiot 34 1
29%
1999/00 (Premier League - 5th) Netherlands RB 22 Mario Melchiot 6
29%
2001/02 (Premier League - 6th) Australia GK 29 Mark Bosnich 7
29%
1997/98 (Premier League - 4th) Wales ST 33 Mark Hughes 40 13
29%
1996/97 (Premier League - 6th) Wales ST 32 Mark Hughes 44 14
29%
1995/96 (Premier League - 11th) Wales ST 31 Mark Hughes 39 12
29%
2016/17 (Premier League - 1st) Nigeria RB 19 Ola Aina 6
29%
1997/98 (Premier League - 4th) England CM 21 Paul Hughes 10
29%
1996/97 (Premier League - 6th) England CM 20 Paul Hughes 13 2
29%
Manager Portugal 2011 2012 André Villas-Boas 40
28%
2002/03 (Premier League - 4th) Netherlands GK 35 Ed de Goey 3
28%
2001/02 (Premier League - 6th) Netherlands GK 34 Ed de Goey 8
28%
2000/01 (Premier League - 6th) Netherlands GK 33 Ed de Goey 17
28%
1999/00 (Premier League - 5th) Netherlands GK 32 Ed de Goey 59
28%
1998/99 (Premier League - 3rd) Netherlands GK 31 Ed de Goey 49
28%
1997/98 (Premier League - 4th) Netherlands GK 30 Ed de Goey 43
28%
2003/04 (Premier League - 2nd) Denmark LW 25 Jesper Grønkjær 48 3
28%
2002/03 (Premier League - 4th) Denmark LW 24 Jesper Grønkjær 39 5
28%
2001/02 (Premier League - 6th) Denmark LW 23 Jesper Grønkjær 16
28%
2000/01 (Premier League - 6th) Denmark LW 22 Jesper Grønkjær 16 3
28%
2011/12 (Premier League - 6th) England CM 18 Josh McEachran 5
28%
2010/11 (Premier League - 2nd) England CM 17 Josh McEachran 17
28%
2021/22 (Premier League - 3rd) England GK 29 Marcus Bettinelli 1
28%
2015/16 (Premier League - 10th) United States CB 19 Matt Miazga 2
28%
1998/99 (Premier League - 3rd) Denmark RW 29 Brian Laudrup 11 1
26%
2005/06 (Premier League - 1st) Portugal CM 27 Maniche 11
26%
2019/20 (Premier League - 4th) England CB 18 Marc Guéhi 2
26%
2012/13 (Premier League - 3rd) England GK 27 Ross Turnbull 7
26%
2011/12 (Premier League - 6th) England GK 26 Ross Turnbull 5
26%
2010/11 (Premier League - 2nd) England GK 25 Ross Turnbull 2
26%
2009/10 (Premier League - 1st) England GK 24 Ross Turnbull 5
26%
2024/25 (Premier League - 6th) England ST 17 Shim Mheuka 4
26%
2000/01 (Premier League - 6th) France CB 32 Frank Leboeuf 30
25%
1999/00 (Premier League - 5th) France CB 31 Frank Leboeuf 46 4
25%
1998/99 (Premier League - 3rd) France CB 30 Frank Leboeuf 46 7
25%
1997/98 (Premier League - 4th) France CB 29 Frank Leboeuf 47 6
25%
1996/97 (Premier League - 6th) France CB 28 Frank Leboeuf 35 7
25%
2024/25 (Premier League - 6th) England CB 18 Harrison Murray-Campbell 1
25%
1996/97 (Premier League - 6th) England RB 32 Paul Parker 4
25%
2004/05 (Premier League - 1st) England CM 23 Scott Parker 11
25%
2003/04 (Premier League - 2nd) England CM 22 Scott Parker 17 1
25%
1997/98 (Premier League - 4th) Scotland RB 33 Steve Clarke 41 1
25%
1996/97 (Premier League - 6th) Scotland RB 32 Steve Clarke 41
25%
1995/96 (Premier League - 11th) Scotland RB 31 Steve Clarke 31
25%
1994/95 (Premier League - 11th) Scotland RB 30 Steve Clarke 39
25%
1993/94 (Premier League - 14th) Scotland RB 29 Steve Clarke 50
25%
1992/93 (Premier League - 11th) Scotland RB 28 Steve Clarke 22
25%
1999/00 (Premier League - 5th) Romania RB 31 Dan Petrescu 47 5
23%
1998/99 (Premier League - 3rd) Romania RB 30 Dan Petrescu 45 3
23%
1997/98 (Premier League - 4th) Romania RB 29 Dan Petrescu 43 8
23%
1996/97 (Premier League - 6th) Romania RB 28 Dan Petrescu 42 4
23%
1995/96 (Premier League - 11th) Romania RB 27 Dan Petrescu 31 3
23%
1997/98 (Premier League - 4th) Jamaica CB 25 Frank Sinclair 33 3
23%
1996/97 (Premier League - 6th) Jamaica CB 24 Frank Sinclair 26 1
23%
1995/96 (Premier League - 11th) Jamaica CB 23 Frank Sinclair 15 1
23%
1994/95 (Premier League - 11th) Jamaica CB 22 Frank Sinclair 47 6
23%
1993/94 (Premier League - 14th) Jamaica CB 21 Frank Sinclair 45
23%
1992/93 (Premier League - 11th) Jamaica CB 20 Frank Sinclair 39 1
23%
2008/09 (Premier League - 3rd) England LW 19 Scott Sinclair 4
23%
2007/08 (Premier League - 2nd) England LW 18 Scott Sinclair 7 1
23%
2006/07 (Premier League - 2nd) England LW 17 Scott Sinclair 3
23%
2002/03 (Premier League - 4th) Netherlands CB 31 Winston Bogarde 1
23%
2000/01 (Premier League - 6th) Netherlands CB 29 Winston Bogarde 11
23%
1997/98 (Premier League - 4th) England CB 27 David Lee 3
22%
1996/97 (Premier League - 6th) England CB 26 David Lee 2 1
22%
1995/96 (Premier League - 11th) England CB 25 David Lee 39 1
22%
1994/95 (Premier League - 11th) England CB 24 David Lee 19
22%
1993/94 (Premier League - 14th) England CB 23 David Lee 8 1
22%
1992/93 (Premier League - 11th) England CB 22 David Lee 32 2
22%
2009/10 (Premier League - 1st) Italy LW 18 Fabio Borini 8
22%
2008/09 (Premier League - 3rd) Argentina ST 19 Franco Di Santo 16
22%
2006/07 (Premier League - 2nd) Netherlands CB 24 Khalid Boulahrouz 23
22%
Manager Brazil 2008 2009 Luiz Felipe Scolari 36
22%
2007/08 (Premier League - 2nd) England CM 24 Steve Sidwell 25 1
22%
2004/05 (Premier League - 1st) Finland ST 23 Mikael Forssell 2
20%
2003/04 (Premier League - 2nd) Finland ST 22 Mikael Forssell 1
20%
2001/02 (Premier League - 6th) Finland ST 20 Mikael Forssell 35 9
20%
1999/00 (Premier League - 5th) Finland ST 18 Mikael Forssell 2
20%
1998/99 (Premier League - 3rd) Finland ST 17 Mikael Forssell 13 3
20%
2022/23 (Premier League - 12th) England AM 18 Omari Hutchinson 2
20%
2011/12 (Premier League - 6th) England DM 21 Sam Hutchinson 2
20%
2009/10 (Premier League - 1st) England DM 19 Sam Hutchinson 3
20%
2006/07 (Premier League - 2nd) England DM 16 Sam Hutchinson 1
20%
2002/03 (Premier League - 4th) England CM 23 Jody Morris 33 1
19%
2001/02 (Premier League - 6th) England CM 22 Jody Morris 10
19%
2000/01 (Premier League - 6th) England CM 21 Jody Morris 26
19%
1999/00 (Premier League - 5th) England CM 20 Jody Morris 46 4
19%
1998/99 (Premier League - 3rd) England CM 19 Jody Morris 27 1
19%
1997/98 (Premier League - 4th) England CM 18 Jody Morris 16 2
19%
1996/97 (Premier League - 6th) England CM 17 Jody Morris 14 1
19%
1995/96 (Premier League - 11th) England CM 16 Jody Morris 1
19%
2024/25 (Premier League - 6th) France CM 19 Mathis Amougou 2
19%
2023/24 (Premier League - 6th) Portugal LW 18 Diego Moreira 1
17%
1994/95 (Premier League - 11th) England AM 36 Glenn Hoddle 15
17%
1993/94 (Premier League - 14th) England AM 35 Glenn Hoddle 24 1
17%
Manager England 1993 1996 Glenn Hoddle 157
17%
2010/11 (Premier League - 2nd) Netherlands CB 18 Jeffrey Bruma 7
17%
2009/10 (Premier League - 1st) Netherlands CB 17 Jeffrey Bruma 3
17%
1996/97 (Premier League - 6th) Scotland ST 25 John Spencer 7 2
17%
1995/96 (Premier League - 11th) Scotland ST 24 John Spencer 37 14
17%
1994/95 (Premier League - 11th) Scotland ST 23 John Spencer 38 13
17%
1993/94 (Premier League - 14th) Scotland ST 22 John Spencer 29 7
17%
1992/93 (Premier League - 11th) Scotland ST 21 John Spencer 26 7
17%
2024/25 (Premier League - 6th) England CM 20 Samuel Rak-Sakyi 4
17%
2020/21 (Premier League - 4th) England AM 18 Tino Anjorin 3
17%
2019/20 (Premier League - 4th) England AM 17 Tino Anjorin 2
17%
1998/99 (Premier League - 3rd) Russia GK 29 Dmitri Kharine 5
16%
1997/98 (Premier League - 4th) Russia GK 28 Dmitri Kharine 10
16%
1996/97 (Premier League - 6th) Russia GK 27 Dmitri Kharine 5
16%
1995/96 (Premier League - 11th) Russia GK 26 Dmitri Kharine 29
16%
1994/95 (Premier League - 11th) Russia GK 25 Dmitri Kharine 41
16%
1993/94 (Premier League - 14th) Russia GK 24 Dmitri Kharine 51
16%
1992/93 (Premier League - 11th) Russia GK 23 Dmitri Kharine 5
16%
2010/11 (Premier League - 2nd) DR Congo AM 19 Gaël Kakuta 12
16%
2009/10 (Premier League - 1st) DR Congo AM 18 Gaël Kakuta 4
16%
2004/05 (Premier League - 1st) Russia DM 29 Alexey Smertin 25 1
14%
2002/03 (Premier League - 4th) Netherlands LW 25 Boudewijn Zenden 27 1
14%
2001/02 (Premier League - 6th) Netherlands LW 24 Boudewijn Zenden 32 3
14%
1996/97 (Premier League - 6th) Norway CB 29 Erland Johnsen 22
14%
1995/96 (Premier League - 11th) Norway CB 28 Erland Johnsen 26
14%
1994/95 (Premier League - 11th) Norway CB 27 Erland Johnsen 46
14%
1993/94 (Premier League - 14th) Norway CB 26 Erland Johnsen 37 1
14%
1992/93 (Premier League - 11th) Norway CB 25 Erland Johnsen 13
14%
2024/25 (Premier League - 6th) England DM 18 Kiano Dyer 1
14%
2015/16 (Premier League - 10th) Senegal CB 26 Papy Djilobodji 1
14%
2000/01 (Premier League - 6th) Italy RB 27 Christian Panucci 10 1
13%
2024/25 (Premier League - 6th) Sweden RB 17 Genesis Antwi 1
13%
2024/25 (Premier League - 6th) England AM 21 Harvey Vale 2
13%
2021/22 (Premier League - 3rd) England AM 17 Harvey Vale 5
13%
2017/18 (Premier League - 5th) England CB 19 Jake Clarke-Salter 1
13%
2015/16 (Premier League - 10th) England CB 17 Jake Clarke-Salter 1
13%
2017/18 (Premier League - 5th) United States CM 19 Kyle Scott 1
13%
2003/04 (Premier League - 2nd) Italy GK 30 Marco Ambrosio 12
13%
2003/04 (Premier League - 2nd) Croatia RM 31 Mario Stanić 5
13%
2002/03 (Premier League - 4th) Croatia RM 30 Mario Stanić 25 6
13%
2001/02 (Premier League - 6th) Croatia RM 29 Mario Stanić 35 2
13%
2000/01 (Premier League - 6th) Croatia RM 28 Mario Stanić 15 2
13%
2008/09 (Premier League - 3rd) Seychelles CB 20 Michael Mancienne 6
13%
1993/94 (Premier League - 14th) Ireland ST 30 Tony Cascarino 23 4
13%
1992/93 (Premier League - 11th) Ireland ST 29 Tony Cascarino 9 2
13%
2024/25 (Premier League - 6th) England RW 19 Ato Ampah 1
12%
Manager Spain 2023 2023 Bruno Saltor 1
12%
1996/97 (Premier League - 6th) Scotland AM 24 Craig Burley 37 3
12%
1995/96 (Premier League - 11th) Scotland AM 23 Craig Burley 26
12%
1994/95 (Premier League - 11th) Scotland AM 22 Craig Burley 28 2
12%
1993/94 (Premier League - 14th) Scotland AM 21 Craig Burley 31 6
12%
1992/93 (Premier League - 11th) Scotland AM 20 Craig Burley 4
12%
1998/99 (Premier League - 3rd) England CM 26 Eddie Newton 9
12%
1997/98 (Premier League - 4th) England CM 25 Eddie Newton 29
12%
1996/97 (Premier League - 6th) England CM 24 Eddie Newton 21 1
12%
1995/96 (Premier League - 11th) England CM 23 Eddie Newton 28 1
12%
1994/95 (Premier League - 11th) England CM 22 Eddie Newton 40 1
12%
1993/94 (Premier League - 14th) England CM 21 Eddie Newton 45
12%
1992/93 (Premier League - 11th) England CM 20 Eddie Newton 41 6
12%
1996/97 (Premier League - 6th) Norway GK 31 Frode Grodås 27
12%
2023/24 (Premier League - 6th) England AM 17 Leo Castledine 1
12%
1992/93 (Premier League - 11th) England CB 28 Paul Elliott 7
12%
1998/99 (Premier League - 3rd) Italy ST 29 Pierluigi Casiraghi 15 1
12%
2001/02 (Premier League - 6th) Serbia DM 32 Slaviša Jokanović 31
12%
2000/01 (Premier League - 6th) Serbia DM 31 Slaviša Jokanović 21
12%
1992/93 (Premier League - 11th) Ireland CM 28 Andy Townsend 48 7
10%
1999/00 (Premier League - 5th) England ST 26 Chris Sutton 39 3
10%
1992/93 (Premier League - 11th) England GK 33 Dave Beasant 17
10%
Manager England 1993 1993 David Webb 13
10%
1999/00 (Premier League - 5th) Italy LM 25 Gabriele Ambrosetti 23 1
10%
1994/95 (Premier League - 11th) England LM 36 Graham Rix 4
10%
Manager England 2000 2000 Graham Rix 2
10%
1992/93 (Premier League - 11th) England RW 21 Graham Stuart 46 10
10%
2023/24 (Premier League - 6th) Finland CM 19 Jimi Tauriainen 2
10%
2004/05 (Premier League - 1st) Czech Republic CB 26 Jiří Jarošík 20
10%
2023/24 (Premier League - 6th) England ST 19 Mason Burstow 3
10%
2008/09 (Premier League - 3rd) Slovakia LW 18 Miroslav Stoch 5
10%
2003/04 (Premier League - 2nd) Scotland GK 33 Neil Sullivan 8
10%
Manager England 2009 2009 Ray Wilkins 1
10%
2001/02 (Premier League - 6th) Italy CM 20 Samuele Dalla Bona 38 4
10%
2000/01 (Premier League - 6th) Italy CM 19 Samuele Dalla Bona 32 2
10%
1999/00 (Premier League - 5th) Italy CM 18 Samuele Dalla Bona 3
10%
2023/24 (Premier League - 6th) England CB 20 Bashir Humphreys 1
9%
2022/23 (Premier League - 12th) England CB 19 Bashir Humphreys 1
9%
2006/07 (Premier League - 2nd) Israel ST 16 Ben Sahar 5
9%
2000/01 (Premier League - 6th) France CB 29 Bernard Lambourde 1
9%
1999/00 (Premier League - 5th) France CB 28 Bernard Lambourde 21 2
9%
1998/99 (Premier League - 3rd) France CB 27 Bernard Lambourde 25 1
9%
1997/98 (Premier League - 4th) France CB 26 Bernard Lambourde 13
9%
1996/97 (Premier League - 6th) Canada GK 28 Craig Forrest 3
9%
1993/94 (Premier League - 14th) Wales LB 21 Darren Barnard 15 1
9%
1992/93 (Premier League - 11th) Wales LB 20 Darren Barnard 14 1
9%
1992/93 (Premier League - 11th) England CB 18 Ian Pearce 1
9%
1992/93 (Premier League - 11th) England ST 25 Joe Allon 3
9%
1998/99 (Premier League - 3rd) England GK 35 Kevin Hitchcock 3
9%
1997/98 (Premier League - 4th) England GK 34 Kevin Hitchcock 2
9%
1996/97 (Premier League - 6th) England GK 33 Kevin Hitchcock 16
9%
1995/96 (Premier League - 11th) England GK 32 Kevin Hitchcock 19
9%
1994/95 (Premier League - 11th) England GK 31 Kevin Hitchcock 16
9%
1993/94 (Premier League - 14th) England GK 30 Kevin Hitchcock 2
9%
1992/93 (Premier League - 11th) England GK 29 Kevin Hitchcock 27
9%
1997/98 (Premier League - 4th) France RB 24 Laurent Charvet 13 2
9%
2021/22 (Premier League - 3rd) England CM 26 Lewis Baker 1
9%
2013/14 (Premier League - 3rd) England CM 18 Lewis Baker 1
9%
1993/94 (Premier League - 14th) Northern Ireland LB 35 Mal Donaghy 32 1
9%
1992/93 (Premier League - 11th) Northern Ireland LB 34 Mal Donaghy 46 2
9%
1995/96 (Premier League - 11th) England ST 29 Mark Stein 9
9%
1994/95 (Premier League - 11th) England ST 28 Mark Stein 30 11
9%
1993/94 (Premier League - 14th) England ST 27 Mark Stein 24 14
9%
2006/07 (Premier League - 2nd) England CM 16 Michael Woods 2
9%
2006/07 (Premier League - 2nd) Portugal DM 22 Nuno Morais 5
9%
2004/05 (Premier League - 1st) Portugal DM 20 Nuno Morais 4
9%
2000/01 (Premier League - 6th) Georgia ST 21 Rati Aleksidze 3
9%
1995/96 (Premier League - 11th) Scotland CB 22 Andy Dow 1
7%
1993/94 (Premier League - 14th) Scotland CB 20 Andy Dow 17
7%
1998/99 (Premier League - 3rd) England LB 24 Andy Myers 4
7%
1997/98 (Premier League - 4th) England LB 23 Andy Myers 17
7%
1996/97 (Premier League - 6th) England LB 22 Andy Myers 18 1
7%
1995/96 (Premier League - 11th) England LB 21 Andy Myers 23
7%
1994/95 (Premier League - 11th) England LB 20 Andy Myers 12
7%
1993/94 (Premier League - 14th) England LB 19 Andy Myers 10
7%
1992/93 (Premier League - 11th) England LB 18 Andy Myers 4
7%
1995/96 (Premier League - 11th) England LB 22 Anthony Barness 1
7%
1994/95 (Premier League - 11th) England LB 21 Anthony Barness 16
7%
1992/93 (Premier League - 11th) England LB 19 Anthony Barness 2
7%
1999/00 (Premier League - 5th) Denmark CM 30 Bjarne Goldbæk 9
7%
1998/99 (Premier League - 3rd) Denmark CM 29 Bjarne Goldbæk 30 5
7%
1994/95 (Premier League - 11th) Scotland RM 23 David Hopkin 16 1
7%
1993/94 (Premier League - 14th) Scotland RM 22 David Hopkin 26
7%
1992/93 (Premier League - 11th) Scotland RM 21 David Hopkin 4
7%
2000/01 (Premier League - 6th) Brazil CB 28 Emerson Thome 1
7%
1999/00 (Premier League - 5th) Brazil CB 27 Emerson Thome 21
7%
2002/03 (Premier League - 4th) Spain AM 23 Enrique de Lucas 31 1
7%
1995/96 (Premier League - 11th) England CM 27 Gavin Peacock 36 7
7%
1994/95 (Premier League - 11th) England CM 26 Gavin Peacock 51 6
7%
1993/94 (Premier League - 14th) England CM 25 Gavin Peacock 47 14
7%
Manager Scotland 1991 1993 Ian Porterfield 90
7%
1994/95 (Premier League - 11th) Denmark CB 24 Jakob Kjeldbjerg 29 1
7%
1993/94 (Premier League - 14th) Denmark CB 23 Jakob Kjeldbjerg 37 1
7%
1999/00 (Premier League - 5th) Denmark CB 33 Jes Høgh 17
7%
2005/06 (Premier League - 1st) England GK 21 Lenny Pidgeley 1
7%
2004/05 (Premier League - 1st) England GK 20 Lenny Pidgeley 1
7%
1998/99 (Premier League - 3rd) England CB 22 Michael Duberry 33
7%
1997/98 (Premier League - 4th) England CB 21 Michael Duberry 33
7%
1996/97 (Premier League - 6th) England CB 20 Michael Duberry 18 1
7%
1995/96 (Premier League - 11th) England CB 19 Michael Duberry 30 2
7%
1993/94 (Premier League - 14th) England CB 17 Michael Duberry 1
7%
1992/93 (Premier League - 11th) England ST 33 Mick Harford 34 11
7%
1994/95 (Premier League - 11th) England ST 19 Neil Shipperley 15 2
7%
1993/94 (Premier League - 14th) England ST 18 Neil Shipperley 30 6
7%
1992/93 (Premier League - 11th) England ST 17 Neil Shipperley 3 1
7%
1995/96 (Premier League - 11th) England CM 34 Nigel Spackman 20
7%
1994/95 (Premier League - 11th) England CM 33 Nigel Spackman 48
7%
1993/94 (Premier League - 14th) England CM 32 Nigel Spackman 12
7%
1992/93 (Premier League - 11th) England CM 31 Nigel Spackman 8
7%
1995/96 (Premier League - 11th) England ST 26 Paul Furlong 38 4
7%
1994/95 (Premier League - 11th) England ST 25 Paul Furlong 47 13
7%
1993/94 (Premier League - 14th) Scotland ST 27 Robert Fleck 10 1
7%
1992/93 (Premier League - 11th) Scotland ST 26 Robert Fleck 38 3
7%
1996/97 (Premier League - 6th) England LB 24 Scott Minto 33 5
7%
1995/96 (Premier League - 11th) England LB 23 Scott Minto 11
7%
1994/95 (Premier League - 11th) England LB 22 Scott Minto 28
7%
1996/97 (Premier League - 6th) Ireland LB 29 Terry Phelan 4
7%
1995/96 (Premier League - 11th) Ireland LB 28 Terry Phelan 20
7%
2023/24 (Premier League - 6th) England CM 18 Alex Matos 2
6%
1997/98 (Premier League - 4th) England LB 22 Danny Granville 21 1
6%
1996/97 (Premier League - 6th) England LB 21 Danny Granville 5
6%
1995/96 (Premier League - 11th) England AM 28 David Rocastle 1
6%
1994/95 (Premier League - 11th) England AM 27 David Rocastle 39 2
6%
1999/00 (Premier League - 5th) England ST 22 Mark Nicholls 2
6%
1998/99 (Premier League - 3rd) England ST 21 Mark Nicholls 16
6%
1997/98 (Premier League - 4th) England ST 20 Mark Nicholls 24 3
6%
1996/97 (Premier League - 6th) England ST 19 Mark Nicholls 10
6%
2023/24 (Premier League - 6th) England CM 17 Michael Golding 1
6%
1999/00 (Premier League - 5th) England CB 20 Neil Clement 1
6%
1998/99 (Premier League - 3rd) England CB 19 Neil Clement 2
6%
1996/97 (Premier League - 6th) England CB 17 Neil Clement 1
6%
1996/97 (Premier League - 6th) Ireland GK 22 Nick Colgan 1
6%
1997/98 (Premier League - 4th) England RM 18 Nick Crittenden 3
6%
1992/93 (Premier League - 11th) England ST 22 Steve Livingstone 1
6%
2003/04 (Premier League - 2nd) Cyprus DM 20 Alexis Nicolas 3
4%
1992/93 (Premier League - 11th) England CM 21 Damian Matthew 4
4%
2004/05 (Premier League - 1st) Portugal RW 20 Filipe Oliveira 1
4%
2003/04 (Premier League - 2nd) Portugal RW 19 Filipe Oliveira 2
4%
2002/03 (Premier League - 4th) Portugal RW 18 Filipe Oliveira 5
4%
1992/93 (Premier League - 11th) Ireland GK 36 Gerry Peyton 1
4%
2002/03 (Premier League - 4th) England LM 19 Joe Keenan 1
4%
2001/02 (Premier League - 6th) England LM 18 Joe Keenan 2
4%
1996/97 (Premier League - 6th) England ST 18 Joe Sheerin 1
4%
2000/01 (Premier League - 6th) England LB 20 Jon Harley 12
4%
1999/00 (Premier League - 5th) England LB 19 Jon Harley 26 2
4%
1998/99 (Premier League - 3rd) England LB 18 Jon Harley 1
4%
1997/98 (Premier League - 4th) England LB 17 Jon Harley 3
4%
1999/00 (Premier League - 5th) Italy RB 18 Luca Percassi 1
4%
1998/99 (Premier League - 3rd) Italy RB 17 Luca Percassi 1
4%
2008/09 (Premier League - 3rd) Brazil DM 32 Mineiro 2
4%
1999/00 (Premier League - 5th) England CM 19 Rob Wolleaston 2
4%
Manager England 2015 2015 Steve Holland 1
4%
2004/05 (Premier League - 1st) Scotland CB 19 Steven Watt 2
4%
2021/22 (Premier League - 3rd) England DM 18 Xavier Simons 1
4%
2010/11 (Premier League - 2nd) England CM 19 Jacob Mellis 1
3%
2001/02 (Premier League - 6th) England CB 17 Joel Kitamirike 1
3%
2013/14 (Premier League - 3rd) England CM 18 John Swift 1
3%
2001/02 (Premier League - 6th) England ST 18 Leon Knight 1
3%
1997/98 (Premier League - 4th) Scotland ST 17 Steven Hampshire 1
1%
No matching quizzes found
Score Distribution
Percent of People with Each Score
Percentile by Number Answered
Your Score History
You have not taken this quiz